Benenne die Teile eines Ottomotors - Statistiken

Allgemein
  • Dieses Quiz wurde 26 mal gespielt
  • Das Durchschnittsergebnis liegt bei 10 aus 18
Antwortstatistiken
Hint Extra Hint Antwort % Korrekt
Welches Teil ist beschriftet mit der Nummer 1
Kurbelgehäuse / Motorblock
89%
Welches Teil ist beschriftet mit der Nummer 3
Ölwanne
79%
Welches Teil ist beschriftet mit der Nummer 7
Kolben
74%
Welches Teil ist beschriftet mit der Nummer 5
Pleuelstange
74%
Welches Teil ist beschriftet mit der Nummer 8
Kolbenringe
68%
Welches Teil ist beschriftet mit der Nummer 20
Zündkerze
68%
Welches Teil ist beschriftet mit der Nummer 15
Auslassventil
63%
Welches Teil ist beschriftet mit der Nummer 6
Kolbenbolzen
63%
Welches Teil ist beschriftet mit der Nummer 10
Steuerkette / Zahnriemen
63%
Welches Teil ist beschriftet mit der Nummer 21
Einspritzventil
53%
Welches Teil ist beschriftet mit der Nummer 13
Kipphebel
53%
Welches Teil ist beschriftet mit der Nummer 14
Einlassventil
47%
Welches Teil ist beschriftet mit der Nummer 12
Nockenwelle
47%
Welches Teil ist beschriftet mit der Nummer 18
Ventilfeder
47%
Welches Teil ist beschriftet mit der Nummer 17
Ventilfederteller, Stößel
47%
Welches Teil ist beschriftet mit der Nummer 19
Zylinderkopf
47%
Welches Teil ist beschriftet mit der Nummer 11
Zahnrad / Riemenscheibe (Nw)
37%
Welches Teil ist beschriftet mit der Nummer 9
Zahnrad / Riemenscheibe (Kw)
21%
Keine übereinstimmenden Quizze gefunden
Verteilung der Resultate
Anzahl Personen mit jedem Resultat
Perzentil nach korrekt beantworteten Fragen
Ihre Resultats-Entwicklung
Sie haben dieses Quiz noch nicht gespielt